00756nam a22002057a 450000500170000001000150001702000260003203500130005803700130007108200100008410000160009424501120011026000360022227000530025830000230031150000510033494200240038599900170040995201240042620130607120037.0 aENG-107321 a9789380902890c725.00 aEN-90854 bDBAD/PUB a891.4 aSingh, K.K. aBooker's books in India :ba study of four Booker Prize winning novels by Indian novelists /cby K.K. Singh aJaipurbAadi Publicationsc2012 a18,Jain Bhawan Opp. Shanti NagarbJaipure302006 aix,196p.c22cm(Hb) aIncludes bibliographical references and index 2ddccENmSINh891.4 c76004d76004 001040718NFICaDBADbDBADd2013-05-23eBPPD/PUBg725.00l0o891.4 SINpEN-90854r2013-05-23 00:00:00t1v725.00yEN